000 00855nam a2200217 a 4500
003 0
005 20250205134736.0
008 130829s19uu xx 00 eng d
050 _aPGS BF 698.35.R47
_b.V335 2013
100 _aVazquez, Rachael D.
245 _aNationality and resilience of Southville International School and Colleges Grade 6 students /
_cRachael D. Vazquez.
260 _aLas Piñas City, Philippines :
_bSouthville International School and Colleges,
_c2013.
300 _a29 p. :
_bill. ;
_c28 cm.
504 _aIncludes bibliographical references.
650 _aResilience (Personality trait) in children.
650 _aPsychological resilience.
650 _aEducational resilience.
650 _aMulticultural education
_vPsychological aspects.
650 _aChildren
_vPsychology—Cross-cultural studies.
942 _2lcc
_cPASS
999 _c99021
_d99021